000
00282nam a2200121Ia 4500
008
241002s9999 xx 000 0 und d
082
_a
303.44 BUR
100
_a
Bury, J. B
245
4
_a
The idea of progress
260
_a
New York:
_c
1955
600
_a
Social Sciences
942
_c
UC
999
_c
18896
_d
18896